| 000 | 00931cam a2200301 i 4500 | ||
|---|---|---|---|
| 001 | 2247559 | ||
| 003 | OSt | ||
| 005 | 20140310182733.0 | ||
| 008 | 770804s1978 nyua b 001 0 eng | ||
| 010 | _a 77011051 | ||
| 020 | _a0071210458 | ||
| 040 |
_aDLC _cDLC _dDLC |
||
| 050 | 0 | 0 |
_aQA 76.9.A73 _b.H35 2002 |
| 100 | 1 | _aHamacher, V. Carl. | |
| 245 | 1 | 0 |
_aComputer organization / _cV. Carl Hamacher, Zvonko G. Vranesic, Safwat G. Zaky. |
| 260 |
_aNew York : _bMcGraw-Hill, _c2002. |
||
| 300 |
_axiv, 805 p. : _bill. ; _c25 cm. |
||
| 490 | 0 | _aMcGraw-Hill computer science series | |
| 500 | _aIncludes index. | ||
| 521 | _aIT | ||
| 562 | _eFor Circulation. 1 copy in the collection | ||
| 650 | 0 | _aComputer organization. | |
| 700 | 1 |
_aVranesic, Zvonko G., _ejoint author. |
|
| 700 | 1 |
_aZaky, Safwat G., _ejoint author. |
|
| 906 |
_a7 _bcbc _corignew _d1 _eocip _f19 _gy-gencatlg |
||
| 942 |
_2lcc _cBK _kFOR |
||
| 999 |
_c15483 _d15483 |
||